| 000 | 01178cam a22003255i 4500 | ||
|---|---|---|---|
| 999 |
_c27595 _d27566 |
||
| 001 | 014862941 | ||
| 003 | EG-ScBUE | ||
| 005 | 20190908140612.0 | ||
| 008 | 090325s2012 enka f b 001 0 eng d | ||
| 020 | _a9780194425803 (pbk.) | ||
| 020 | _a0194425800 (pbk.) | ||
| 035 | _a(IeDuTC)IeDuTCb15421534 | ||
| 040 |
_aUK-WkNB _beng _erda _cUK-WkNB _dUk _dEG-ScBUE |
||
| 082 | 0 | 4 |
_a372.660440941 _bWIL _222 |
| 100 | 1 |
_aWilson, Ken, _d1947 August 5- _eauthor. |
|
| 245 | 1 | 0 |
_aDrama and improvisation / _cKen Wilson. |
| 264 | 1 |
_aOxford : _bOxford University Press, _c2012. |
|
| 300 |
_ax, 125 pages : _billustrations ; _c25 cm. |
||
| 336 |
_atext _btxt _2rdacontent |
||
| 337 |
_aunmediated _bn _2rdamedia |
||
| 338 |
_avolume _bnc _2rdacarrier |
||
| 490 | 0 | _aResource books for teachers | |
| 504 | _aIncludes bibliographical references and index. | ||
| 520 | _aDesigned to enliven English classes through drama activities and activate students' imagination and creativity. | ||
| 650 | 7 |
_aDrama in education _zGreat Britain. _2BUEsh |
|
| 650 | 7 |
_aDrama _xStudy and teaching _zGreat Britain. _2BUEsh |
|
| 653 |
_bHHUUEENN _cSeptember2019 |
||
| 655 | _vReading book | ||
| 942 |
_2ddc _cBB |
||